|
|
|
|
| LEADER |
00000nas a2200000 a 4500 |
| 001 |
ssj0000580662 |
| 003 |
WaSeSS |
| 005 |
20200512172242.0 |
| 006 |
m d |
| 007 |
cr n |
| 008 |
950519u1992uuuusp ar p s b 0 0eng c |
| 010 |
|
|
|a 97661122
|
| 022 |
|
|
|l 1133-309X
|y 1133-309X
|
| 035 |
|
|
|a (WaSeSS)ssj0000580662
|
| 040 |
|
|
|a MAC
|b eng
|c MAC
|d DLC
|d OCLCQ
|d TXA
|d OCLCQ
|d OCLCF
|d OCLCO
|d CUS
|d COO
|d OCLCQ
|d OCL
|d CUS
|d WaSeSS
|
| 042 |
|
|
|a pcc
|
| 043 |
|
|
|a n-us---
|a n------
|
| 050 |
0 |
0 |
|a PS1
|b .R48
|
| 082 |
0 |
0 |
|a 810.9/0005
|2 21
|
| 210 |
0 |
|
|a Rev. estud. norteam.
|
| 222 |
|
0 |
|a Revista de estudios norteamericanos
|
| 245 |
0 |
0 |
|a Revista de estudios Norteamericanos
|h [electronic resource].
|
| 260 |
|
|
|a Sevilla :
|b Universidad de Sevilla,
|c 1992.
|
| 310 |
|
|
|a Annual
|
| 362 |
0 |
|
|a No. 1 (1992)-
|
| 500 |
|
|
|a "Publicaciones de la Universidad de Sevilla," <1995->
|
| 506 |
|
|
|a License restrictions may limit access.
|
| 588 |
|
|
|a Latest issue consulted: Núm. 7 (2000).
|
| 650 |
|
0 |
|a American literature
|x History and criticism
|v Periodicals.
|
| 650 |
|
7 |
|a American literature.
|2 fast
|0 (OCoLC)fst00807113
|
| 651 |
|
0 |
|a North America
|v Literatures
|x History and criticism
|v Periodicals.
|
| 651 |
|
7 |
|a North America.
|2 fast
|0 (OCoLC)fst01242475
|
| 655 |
|
0 |
|a Electronic journals.
|
| 710 |
2 |
|
|a Universidad de Sevilla.
|
| 850 |
|
|
|a DLC
|
| 856 |
4 |
0 |
|z Full text available from PRISMA Database with HAPI Index: 01/01/2013 to 01/31/2014
|u https://search.proquest.com/publication/2037502
|